Kurikulum islam dalam perkembangan sejarah

Bibliographic Details
Main Author: Ahmad Shalaby
Format: Book
Published: Singapura : Pustaka nasional , 2003
Subjects:

MARC

LEADER 00000cam a2200000 7i4500
001 0000017355
005 20080516.0
008 080516
020 |a 9971774879 
090 0 0 |a 297.204   |b AHM 
100 0 |a Ahmad Shalaby 
245 1 0 |a Kurikulum islam dalam perkembangan sejarah   |c Ahmad Shalaby 
260 |a Singapura :   |b Pustaka nasional ,   |c 2003 
650 0 |a Islam   |x Doctrines 
999 |a 0000941206   |b Book   |c Adult Collection   |e Cawangan Taman Sri Lambak 
999 |a 0001007015   |b Book   |c Adult Collection   |e Perbadanan Perpustakaan Awam Johor 
999 |a 0001007016   |b Book   |c Adult Collection   |e Perbadanan Perpustakaan Awam Johor 
999 |a 0001007017   |b Book   |c Adult Collection   |e Perbadanan Perpustakaan Awam Johor